| 000 | 00733nam a2200217 a 4500 | ||
|---|---|---|---|
| 001 | 000011075 | ||
| 005 | 20200929162342.0 | ||
| 008 | 091014s2002 dr a 000 0 spa d | ||
| 040 |
_aDO-SdBNP _bspa _cBNPHU |
||
| 082 |
_a616.994 _bO49c |
||
| 100 | 1 |
_aOlivo Vanderhorst, Raimundo _926576 |
|
| 245 | 1 | 3 |
_aEl cáncer se cura y otras enfermedades degenerativas también / _cRaimundo Olivo Vanderhorst. |
| 260 |
_aSanto Domingo : _bCosalud, _c2002. |
||
| 300 |
_a238 p. : _bil. ; _c22 cm. |
||
| 490 | 1 | _aMedicina Biológica | |
| 500 | _aIncluye datos biográficos del autor en la contracubierta | ||
| 500 | _aIncluye notas al pie de las páginas | ||
| 650 | 4 |
_aCancer _921522 |
|
| 830 | 0 |
_aMedicina Biológica _926577 |
|
| 049 | _aBNPD | ||
| 999 |
_c10800 _d10800 |
||